El movimiento obrero en disputa (Registro nro. 4129)
[ vista simple ]
| 000 -LEADER | |
|---|---|
| fixed length control field | 03131 a2200505 4500 |
| 001 - CONTROL NUMBER | |
| control field | 46048 |
| 005 - DATE AND TIME OF LATEST TRANSACTION | |
| control field | 20260407155733.0 |
| 008 - FIXED-LENGTH DATA ELEMENTS--GENERAL INFORMATION | |
| fixed length control field | 260407a2010 arg spa d |
| 003 - CONTROL NUMBER IDENTIFIER | |
| control field | AR-UNSa-BCEJYS |
| 040 ## - CATALOGING SOURCE | |
| Original cataloging agency | AR-UNSa-BCEJYS |
| Language of cataloging | spa |
| Transcribing agency | AR-UNSa-BCEJYS |
| 080 ## - UNIVERSAL DECIMAL CLASSIFICATION NUMBER | |
| Universal Decimal Classification number | 331.105.44 |
| Common auxiliary subdivision | Organizaciones de empleados. Sindicatos |
| 020 ## - INTERNATIONAL STANDARD BOOK NUMBER | |
| International Standard Book Number | 978-987-1599-41-7 |
| 041 ## - LANGUAGE CODE | |
| Language code of text/sound track or separate title | spa |
| 100 1# - MAIN ENTRY--PERSONAL NAME | |
| Personal name | Lenguita, Paula |
| 245 10 - TITLE STATEMENT | |
| Title | El movimiento obrero en disputa |
| Name of part/section of a work | la organización colectiva de los trabajadores, su lucha y resistencia en la Argentina del siglo XX |
| 264 #1 - PRODUCTION, PUBLICATION, DISTRIBUTION, MANUFACTURE, AND COPYRIGHT NOTICE | |
| Place of production, publication, distribution, manufacture | Buenos Aires : |
| Name of producer, publisher, distributor, manufacturer | Ediciones CICCUS |
| Date of production, publication, distribution, manufacture, or copyright notice | 2010 |
| 300 ## - PHYSICAL DESCRIPTION | |
| Extent | 397 p. |
| Dimensions | 23 cm. |
| 505 ## - FORMATTED CONTENTS NOTE | |
| Formatted contents note | 1. Hegemonía empresarial y lógicas de formación corporativas: disputa para una resistencia obrera organizada / Claudia Figari - 2. Movimiento obrero y sindicalismo: contradicciones y fases de acumulación de poder durante los siglos XX y XXI / Juan Montés Cató - 3. Una reflexión sobre el rol de las comisiones internas en el sindicalismo argentino / Paula Lenguita y Paula Varela - 4. Políticas públicas y las relaciones entre capital y trabajo. Contrastes y continuidades en la posconvertibilidad a la luz de la historia argentina / Mariano Féliz y Pablo E. Pérez - 5. Reflexiones sobre conflicto social y procesos de organización de los trabajadores agrícolas en la Argentina / Matías Berger y Gabriel Bober - 6. La Juventud Obrera Católica y la dimensión religiosa del sindicalismo argentino / Aberlardo Jorge Soneira - 7. Las huellas del terrorismo de estado sobre el Movimiento obrero. Los casos de Ford y Acindar / Sebastián Guevara, Marcelo Hernández y Cynthia Rivero - 8. Reforma del Estado, privatizaciones y resistencia sindical en Argentina / Ana Drolas, Santiago Duhalde y Patricia Ventricci - 9. Organización y resistencia en las experiencias de la Unión de Desocupados de Mosconi y los trabajadores de Astilleros Río Santiago / Hernán M. Palermo, Juliana Frassa, Crstian Busto, Cecilia Rossi, y Diego Álvarez Newman - 10. Movimiento Obrero y Científicos Sociales. La construcción conjunta de conocimiento desde la experiencia del Taller de Estudios Laborales / Oscar Martínez, Julia Soul y Daniel Ximénez - |
| 590 ## - LOCAL NOTE (RLIN) | |
| Local note | niveau_biblio:m niveau_hierar:0 |
| 700 1# - ADDED ENTRY--PERSONAL NAME | |
| Personal name | Figari, Claudia |
| 700 1# - ADDED ENTRY--PERSONAL NAME | |
| Personal name | Montes Cató, Juan |
| 700 1# - ADDED ENTRY--PERSONAL NAME | |
| Personal name | Álvarez Newman, Diego |
| 700 1# - ADDED ENTRY--PERSONAL NAME | |
| Personal name | Berger, Matías |
| 700 1# - ADDED ENTRY--PERSONAL NAME | |
| Personal name | Bober, Gabriel |
| 700 1# - ADDED ENTRY--PERSONAL NAME | |
| Personal name | Busto, Cristian |
| 700 1# - ADDED ENTRY--PERSONAL NAME | |
| Personal name | Drolas, Ana |
| 700 1# - ADDED ENTRY--PERSONAL NAME | |
| Personal name | Duhalde, Santiago |
| 700 1# - ADDED ENTRY--PERSONAL NAME | |
| Personal name | Féliz, Mariano |
| 700 1# - ADDED ENTRY--PERSONAL NAME | |
| Personal name | Frassa, Juliana |
| 700 1# - ADDED ENTRY--PERSONAL NAME | |
| Personal name | Giniger, Nuria |
| 700 1# - ADDED ENTRY--PERSONAL NAME | |
| Personal name | Guevara, Sebastián |
| 700 1# - ADDED ENTRY--PERSONAL NAME | |
| Personal name | Hernández, Marcelo |
| 700 1# - ADDED ENTRY--PERSONAL NAME | |
| Personal name | Martínez, Oscar |
| 700 1# - ADDED ENTRY--PERSONAL NAME | |
| Personal name | Palermo, Hernán M. |
| 700 1# - ADDED ENTRY--PERSONAL NAME | |
| Personal name | Pérez, Pablo Ernesto |
| 700 1# - ADDED ENTRY--PERSONAL NAME | |
| Personal name | Rivero, Cynthia |
| 700 1# - ADDED ENTRY--PERSONAL NAME | |
| Personal name | Rossi, Cecilia |
| 700 1# - ADDED ENTRY--PERSONAL NAME | |
| Personal name | Soneira, Abelardo José |
| 700 1# - ADDED ENTRY--PERSONAL NAME | |
| Personal name | Soul, Julia |
| 700 1# - ADDED ENTRY--PERSONAL NAME | |
| Personal name | Varela, Paula |
| 700 1# - ADDED ENTRY--PERSONAL NAME | |
| Personal name | Ventricci, Patricia |
| 700 1# - ADDED ENTRY--PERSONAL NAME | |
| Personal name | Ximénez, Daniel |
| 856 41 - ELECTRONIC LOCATION AND ACCESS | |
| Uniform Resource Identifier | <a href="https://www.biblioeco.unsa.edu.ar/pmb/images/libros/L127297.jpg">https://www.biblioeco.unsa.edu.ar/pmb/images/libros/L127297.jpg</a> |
| Link text | Imagen de portada |
| Electronic format type | image/jpeg |
| 942 ## - ADDED ENTRY ELEMENTS (KOHA) | |
| Koha item type | |
| Withdrawn status | Lost status | Damaged status | Not for loan | Home library | Current library | Shelving location | Date acquired | Total checkouts | Full call number | Barcode | Date last seen | Price effective from | Koha item type |
|---|---|---|---|---|---|---|---|---|---|---|---|---|---|
| Biblioteca Prof. Eusebio Cleto del Rey | Biblioteca Prof. Eusebio Cleto del Rey | 07/04/2026 | 331.105.44 F471 | L127297 | 07/04/2026 | 07/04/2026 | Libro |